Tropical Architecture : In The Humid Zone (Record no. 8744)

MARC details
000 -LEADER
fixed length control field 00449nam a2200169Ia 4500
008 - FIXED-LENGTH DATA ELEMENTS--GENERAL INFORMATION
fixed length control field 220803s9999 xx 000 0 und d
041 ## - LANGUAGE CODE
Language code of text/sound track or separate title eng
082 ## - DEWEY DECIMAL CLASSIFICATION NUMBER
Classification number 720.47 MAX/DRE
100 ## - MAIN ENTRY--PERSONAL NAME
Personal name Maxwell F
9 (RLIN) 10026
245 ## - TITLE STATEMENT
Title Tropical Architecture : In The Humid Zone
260 ## - PUBLICATION, DISTRIBUTION, ETC. (IMPRINT)
Place of publication, distribution, etc. London
Name of publisher, distributor, etc. B T Batsford
Date of publication, distribution, etc. 1956
300 ## - PHYSICAL DESCRIPTION
Extent 320p
500 ## - GENERAL NOTE
Keywords Architecture
520 ## - SUMMARY, ETC.
Summary, etc. Withdrawn
650 ## - SUBJECT ADDED ENTRY--TOPICAL TERM
Topical term or geographic name as entry element Environmental Architecture
9 (RLIN) 10027
700 ## - ADDED ENTRY--PERSONAL NAME
Personal name Drew J.
9 (RLIN) 10028
Holdings
Withdrawn status Lost status Damaged status Not for loan Collection code Home library Current library Shelving location Date acquired Vendor Cost, normal purchase price Full call number Barcode Date last seen Cost, replacement price Bill Date Koha item type Original Barcode
Withdrawn       Book of M Arch EA Dr. Bhanuben Nanavati College of Architecture Dr. Bhanuben Nanavati College of Architecture   05/01/1995 West End 408.00 720.47 MAX/DRE BNCA-BK-352 03/08/2022 480.00 05/01/1995 Books B000352